| 000 | 01167nas a2200337 4500 | ||
|---|---|---|---|
| 001 | BR8001431 | ||
| 003 | BR-BrBNA | ||
| 005 | 20231205084224.0 | ||
| 007 | ta | ||
| 008 | 230509b bl.|||p| |||| 00| 00por d | ||
| 040 |
_aBR-BrBNA _bpor _cBiblioteca Nacional de Agricultura |
||
| 041 | _a(Pt) | ||
| 072 | _aH10 | ||
| 100 | 1 | _aCoelho, I.P. | |
| 100 | 1 | _aSilveira Neto, S. | |
| 100 | 1 | _aDias, J.F.S. | |
| 100 | 1 | _aForti, L.C. | |
| 100 | 1 | _aChagas, E.F. | |
| 100 | 1 | _aLara, F.M. | |
| 245 | 1 | _aFenologia e analise faunistica da familia Sphingidae (Lepidoptera), atraves de levantamentos com armadilha luminosa em Piracicaba, SP [Sao Paulo; Brasil] | |
| 246 | 1 | _aPhenology and faunistic analysis of the family Sphingidae (Lepidoptera), through surveys with light trap in Piracicaba, SP [Sao Paulo; Brazil] | |
| 650 | _aPraga de planta | ||
| 650 | _aLepidoptero | ||
| 650 | _aCaptura | ||
| 650 | _aArmadilha | ||
| 650 | _aPiracicaba | ||
| 650 | _aSao Paulo | ||
| 773 | 0 |
_tAnais da Sociedade Entomologica do Brasil (Brazil) _xISSN 0301-8059 _g(1979), v. 8(2) p. 295-307 _wBR8001431 |
|
| 909 |
_a202311 _bLúcia _c55 _dLúcia Elande |
||
| 942 |
_2AGRIS _n0 _cANA |
||
| 999 |
_c103859 _d103859 |
||